¿De que país es esta capital? - Estadísticas

Estadísticas generales
  • Esta prueba ha sido intentada 45 veces
  • La puntuación promedio es 25 de 30
Estadísticas de respuestas
Hint Respuesta % Correcto
Berlín Alemania
100%
Pekín China
100%
Seül Corea del Sur
100%
San Salvador El Salvador
100%
Dublín Irlanda
100%
Lima Perú
100%
Moscú Rusia
100%
Buenos Aires Argentina
98%
Ottawa Canadá
98%
La Habana Cuba
98%
Nueva Delhi India
98%
Varsovia Polonia
98%
El Cairo Egipto
95%
Ámsterdam Países Bajos
93%
Budapest Hungría
90%
Reikiavik Islandia
90%
Abu Dabi Emiratos Árabes Unidos
86%
Rabat Marruecos
86%
Bucarest Rumanía
83%
Bangkok Tailandia
81%
Riad Arabia Saudí
79%
Minsk Bielorrusia
76%
Dakar Senegal
69%
Doha Qatar
67%
Ulán Bator Mongolia
64%
Antananarivo Madagascar
62%
Pretoria Sudáfrica
60%
Nasáu Bahamas
55%
Nuakchot Mauritania
36%
Yamena Chad
29%
No se encontraron pruebas coincidentes
Distribución de puntuación
Porcentaje de gente con cada puntuación
Porcentaje por número respondido
Historial de tus puntuaciones
No has intentado esta prueba.